Statistiken für Tischtennis Bundesliga Teams 22/23

Klicken Sie hier um das Quiz zu spielen!

Allgemein

  • Dieses Quiz wurde 59 mal gespielt
  • Das Durchschnittsergebnis liegt bei 7 aus 12

Antwortstatistiken

TTBL Teams 22/23% Korrekt
Borussia Düsseldorf
98%
1. FC Saarbrücken-TT
78%
SV Werder Bremen
72%
TTF Liebherr Ochsenhausen
70%
1. FSV Mainz 05
63%
TTC RhönSprudel Fulda-Maberzell
63%
TTC Zugbrücke Grenzau
61%
TTC Neu-Ulm
57%
Post SV Mühlhausen
46%
ASV Grünwettersbach
43%
TTC Schwalbe Bergneustadt
35%
TSV Bad Königshofen
33%

Verteilung der Resultate

Perzentil nach korrekt beantworteten Fragen

Anzahl Personen mit jedem Resultat

Ihre Resultats-Entwicklung

Sie haben dieses Quiz noch nicht gespielt